000 00602nam a2200181 i 4500
001 59787
003 ES-MaACL
005 20230906164111.0
007 t|
008 031030s1959 sp ||||1| spa d
100 1 _aEscagües de Javierre, Isidoro.
_947455
245 1 4 _aLos espacios vacantes de la industrialización vizcaina /
_cIsidoro Escagües de Javierre.
260 _aBilbao :
_b[s.n.,
_c1959]
300 _a8 p. ;
_c25 cm.
500 _aTirada aparte de la Revista "Urbis, año VIII, núm. 23.
650 4 _aDesarrollo industrial-
_zVizcaya.
_9155273
852 _aES-MaACL
_j2026-F-5
_bR.48280
999 _c59787
_d59787